Statystyki dla Kogo to Album/EP QUIZ (Polish Rap Edition)

Kliknij tutaj aby rozwiązać quiz!

Ogólne statystyki

  • Ten quiz został rozwiązany 351 razy
  • Średni wynik to 16 z 20

Statystyki odpowiedzi

ZagadnienieOdpowiedź% Poprawnych
100 dni do maturyMata
97%
Opowieści z Doliny SmokówBedoes
96%
Młody KsiążęWhite 2115
93%
EgzotykaQuebonafide
92%
Nowy kolorOtsochodzi
91%
KinematografiaPaktofonika
91%
H8M5Białas
90%
AtypowySzpaku
89%
BOAReTo
87%
AudioteleSchafter
82%
77747mixtapeOKI
76%
+18Kubi Producent
75%
Umowa o dziełoTaco Hemingway
75%
Muzyka współczesnaPezet
74%
MutylatorSłoń
69%
Złota OwcaPaluch
67%
Nowy PopBeteo
66%
Trzecie RzeczyKęKę
64%
TrappistYoung Igi
59%
Wszystko co złeSarius
51%

Rozkład punktacji

Percentyl według liczby udzielonych odpowiedzi

Procent ludzi z każdym wynikiem

Twoja historia wyników

Nie rozwiązałeś tego quizu